00337nam a2200121Ia 4500008004100000245007400041260001800115260000900133300000800142500001400150650001300164856003800177170516s9999 xx 000 0 und d aInfluence of the Efavirenz Micronization on Tableting and Dissolution bPharmaceutics c2012 a4:3 aSeptember xPharmacy uhttp://www.mdpi.com/1999-4923/4/3